000 00577nam a2200169Ia 4500
008 090201s9999 xx 000 0 und d
010 _aKPL-62778
040 _bमराठी
041 _aमराठी
082 _a18146
_b62778
100 _aवंसत नरहर फेणे
245 _aमावळतीचे मृद्गंध
_cवंसत नरहर फेणे
260 _c2004
_bमॅजेस्टिक प्रकाशन
300 _a154
_bमोठा
600 _aमावळतीचे मृद्गंध
942 _cBOOK
999 _c218057
_d218057